[Event "Oberliga Ost-A 1415"]
[Site "Germany"]
[Date "2014.09.21"]
[Round "1.1"]
[White "Zwahr, Paul"]
[Black "Wegener, Dirk"]
[Result "1-0"]
[WhiteElo "2362"]
[BlackElo "2361"]
[PlyCount "77"]
[EventDate "2014.09.21"]
[EventType "team-tourn"]
[EventRounds "11"]
[EventCountry "GER"]
[SourceTitle "EXT 2016"]
[Source "ChessBase"]
[SourceDate "2015.10.08"]
[SourceVersion "1"]
[SourceVersionDate "2015.10.08"]
[SourceQuality "1"]
[WhiteTeam "Dresden Gruen Weiss"]
[BlackTeam "Dresden USV TU II"]
[WhiteTeamCountry "GER"]
[BlackTeamCountry "GER"]

1. e4 e6 2. d4 d5 3. Nc3 Bb4 4. e5 c5 5. a3 Bxc3+ 6. bxc3 Ne7 7. Qg4 Qc7 8. Bd3 c4 9. Be2 0-0 10. f4 f5 11. Qh3 Qa5 12. Bd2 Qb6 13. Nf3 Bd7 14. 0-0 Ba4 15. Rab1 Qc6 16. Rb2 b5 17. Kh1 a5 18. Nh4 Na6 19. g4 Nc7 20. Rg1 Kh8 21. Qg3 Rg8 22. Ng2 fxg4 23. Bxg4 Nf5 24. Bxf5 exf5 25. Nh4 Qe6 26. Be1 b4 27. cxb4 Nb5 28. bxa5 Nxd4 29. Qf2 g5 30. Qxd4 gxh4 31. Bxh4 Rg4 32. Bf6+ Kg8 33. Rxg4+ fxg4 34. f5 Qxf5 35. Qxd5+ Kf8 36. Qxa8+ Be8 37. Rb1 Qxc2 38. Rf1 Qe2 39. Kg1 1-0

[Event "BL2-Ost 1314"]
[Site "Germany"]
[Date "2013.11.24"]
[Round "5.7"]
[White "Stips, Felix"]
[Black "Wegener, Dirk"]
[Result "0-1"]
[WhiteElo "2315"]
[BlackElo "2364"]
[PlyCount "74"]
[EventDate "2013.10.12"]
[EventType "team-tourn"]
[EventRounds "10"]
[EventCountry "GER"]
[SourceTitle "EXT 2015"]
[Source "ChessBase"]
[SourceDate "2014.11.20"]
[SourceVersion "1"]
[SourceVersionDate "2014.11.20"]
[SourceQuality "1"]
[WhiteTeam "Bindlach Aktionaer"]
[BlackTeam "Dresden USV"]
[WhiteTeamCountry "GER"]
[BlackTeamCountry "GER"]

1. Nf3 Nf6 2. c4 g6 3. Nc3 Bg7 4. e4 d6 5. d4 0-0 6. Be2 e5 7. dxe5 dxe5 8. Qxd8 Rxd8 9. Bg5 Re8 10. Nd5 Nxd5 11. cxd5 c6 12. Bc4 b5 13. Bb3 Bb7 14. Rc1 a5 15. a4 Bf8 16. 0-0 b4 17. Rfd1 c5 18. Bc4 Ba6 19. Bxa6 Rxa6 20. Be3 Nd7 21. Nd2 h5 22. Rc2 Rb8 23. b3 Kh7 24. Nc4 Bh6 25. Bxh6 Kxh6 26. h4 f5 27. exf5 gxf5 28. d6 Kg6 29. Rd5 Kf6 30. Re2 Ke6 31. Rd3 f4 32. f3 Rf8 33. Rd1 Rf5 34. Kf2 Ra8 35. Ra1 Nb8 36. g3 fxg3+ 37. Kxg3 Nc6 0-1

[Event "BL2-Ost 1314"]
[Site "Germany"]
[Date "2013.11.10"]
[Round "4.6"]
[White "Paul, Mathias"]
[Black "Wegener, Dirk"]
[Result "1/2-1/2"]
[WhiteElo "2192"]
[BlackElo "2364"]
[PlyCount "51"]
[EventDate "2013.10.12"]
[EventType "team-tourn"]
[EventRounds "10"]
[EventCountry "GER"]
[SourceTitle "EXT 2015"]
[Source "ChessBase"]
[SourceDate "2014.11.20"]
[SourceVersion "1"]
[SourceVersionDate "2014.11.20"]
[SourceQuality "1"]
[WhiteTeam "Plauen Koenig"]
[BlackTeam "Dresden USV"]
[WhiteTeamCountry "GER"]
[BlackTeamCountry "GER"]

1. d4 Nf6 2. c4 g6 3. Nc3 Bg7 4. e4 d6 5. Bg5 0-0 6. Qd2 c5 7. d5 e6 8. Bd3 exd5 9. exd5 Nbd7 10. f4 a6 11. a4 Qa5 12. Ra3 Ng4 13. Nge2 f5 14. h3 Nh6 15. 0-0 Nf6 16. Ne4 Qxd2 17. Nxd2 Bd7 18. Nc3 Rae8 19. Rb3 Bc8 20. a5 Nf7 21. Bh4 h6 22. Na4 Ne4 23. Be1 Re7 24. Nb6 Rd8 25. Nxc8 Rxc8 26. g4 1/2-1/2

[Event "BL2-Ost 1314"]
[Site "Germany"]
[Date "2013.11.10"]
[Round "3.6"]
[White "Wegener, Dirk"]
[Black "Casper, Thomas"]
[Result "0-1"]
[WhiteElo "2364"]
[BlackElo "2394"]
[PlyCount "118"]
[EventDate "2013.10.12"]
[EventType "team-tourn"]
[EventRounds "10"]
[EventCountry "GER"]
[SourceTitle "EXT 2015"]
[Source "ChessBase"]
[SourceDate "2014.11.20"]
[SourceVersion "1"]
[SourceVersionDate "2014.11.20"]
[SourceQuality "1"]
[WhiteTeam "Dresden USV"]
[BlackTeam "Erfurt"]
[WhiteTeamCountry "GER"]
[BlackTeamCountry "GER"]

1. e4 e6 2. d4 d5 3. Nc3 Bb4 4. e5 Ne7 5. a3 Bxc3+ 6. bxc3 c5 7. Nf3 h6 8. h4 b6 9. Bb5+ Bd7 10. Bd3 Qc7 11. h5 Ba4 12. Rh4 cxd4 13. Kf1 Qxc3 14. Rb1 Nd7 15. Rxd4 b5 16. Bd2 Qc7 17. Bxb5 Bxb5+ 18. Rxb5 Nc6 19. Rg4 Ncxe5 20. Nxe5 Qxe5 21. Rg3 Nf6 22. Bc3 Qxh5 23. Qd4 Ne4 24. Rxg7 Nxc3 25. Qxc3 Qd1+ 26. Qe1 Qxe1+ 27. Kxe1 Kf8 28. Rg3 Rg8 29. Rxg8+ Kxg8 30. Kd2 Kg7 31. a4 a5 32. Kd3 Kf6 33. Kd4 Rg8 34. Rxa5 Rxg2 35. Ke3 Rg4 36. Ra8 Rc4 37. Kd3 h5 38. a5 h4 39. Rh8 Ra4 40. a6 Kg7 41. Rh5 Kg6 42. Rh8 e5 43. a7 Rxa7 44. Rxh4 Ra3+ 45. Ke2 d4 46. Rh8 Rc3 47. Kd2 Kg5 48. Ra8 Kf4 49. Ra6 f5 50. Ra5 Rc4 51. Kd3 Rc8 52. Kd2 e4 53. Rd5 e3+ 54. fxe3+ dxe3+ 55. Kd3 Re8 56. Ke2 Ke4 57. Ra5 Rd8 58. c4 Rd2+ 59. Ke1 f4 0-1

[Event "BL2-Ost 1213"]
[Site "Germany"]
[Date "2013.03.17"]
[Round "8.8"]
[White "Dalinger, Valeri"]
[Black "Wegener, Dirk"]
[Result "1/2-1/2"]
[WhiteElo "2285"]
[BlackElo "2352"]
[PlyCount "87"]
[EventDate "2012.10.14"]
[EventType "team-tourn"]
[EventRounds "9"]
[EventCountry "GER"]
[SourceTitle "CBM 154 Extra"]
[Source "ChessBase"]
[SourceDate "2013.06.25"]
[SourceVersion "2"]
[SourceVersionDate "2013.06.25"]
[SourceQuality "1"]
[WhiteTeam "Bindlach"]
[BlackTeam "Dresden TU"]
[WhiteTeamCountry "GER"]
[BlackTeamCountry "GER"]

1. Nf3 Nf6 2. c4 g6 3. Nc3 Bg7 4. g3 c6 5. Bg2 d5 6. cxd5 cxd5 7. d4 0-0 8. 0-0 Nc6 9. Bf4 Ne4 10. Rc1 e6 11. Ne5 Nxc3 12. Rxc3 Bd7 13. Nxc6 Bxc6 14. Qd2 Qb6 15. Be5 Bxe5 16. dxe5 Rac8 17. Rfc1 Qa5 18. a3 Qb6 19. e3 Bd7 20. Bf1 Rxc3 21. Rxc3 Rc8 22. Rxc8+ Bxc8 23. h4 Bd7 24. Be2 Bb5 25. Bd1 Qc7 26. a4 Bd7 27. f4 a5 28. Kf2 Qc5 29. Ke1 Kg7 30. g4 Kf8 31. g5 Ke7 32. Kf2 b6 33. b3 Bc6 34. Be2 Bd7 35. h5 Bc6 36. h6 Bd7 37. Ba6 Bc6 38. Bd3 Bd7 39. Ke2 Bc6 40. Qb2 Qb4 41. Qc1 Qc5 42. Qb2 Qb4 43. Qc1 Qc5 44. Qb2 1/2-1/2

[Event "BL2-Ost 1213"]
[Site "Germany"]
[Date "2013.01.13"]
[Round "5.8"]
[White "Wegener, Dirk"]
[Black "Pichler, Manfred"]
[Result "1-0"]
[WhiteElo "2352"]
[BlackElo "2086"]
[PlyCount "81"]
[EventDate "2012.10.14"]
[EventType "team-tourn"]
[EventRounds "9"]
[EventCountry "GER"]
[SourceTitle "CBM 154 Extra"]
[Source "ChessBase"]
[SourceDate "2013.06.25"]
[SourceVersion "2"]
[SourceVersionDate "2013.06.25"]
[SourceQuality "1"]
[WhiteTeam "Dresden TU"]
[BlackTeam "Halle Volksbank"]
[WhiteTeamCountry "GER"]
[BlackTeamCountry "GER"]

1. e4 d5 2. exd5 Qxd5 3. Nc3 Qa5 4. d4 c6 5. Nf3 Nf6 6. Bc4 Bf5 7. Bd2 e6 8. Qe2 Bb4 9. 0-0-0 Nbd7 10. Nh4 Bg4 11. f3 Bxc3 12. fxg4 Bxd2+ 13. Rxd2 0-0-0 14. h3 h5 15. gxh5 Nxh5 16. Qe3 Nb6 17. Bb3 Nd5 18. Qe5 Nhf6 19. Nf3 Rh5 20. Qh2 Ne4 21. Re2 Ndf6 22. Rhe1 Nd6 23. Re5 Qb6 24. Rxh5 Nxh5 25. g4 Nf6 26. g5 Nfe8 27. g6 fxg6 28. Rxe6 Qb5 29. Re1 Nc7 30. Qe5 Nf5 31. Qf4 Qb4 32. c3 Qf8 33. Ne5 Qf6 34. Qg4 Re8 35. Rg1 Qh4 36. Bf7 Qxg4 37. hxg4 Rxe5 38. dxe5 Ne7 39. Rh1 Ncd5 40. Rh7 Ne3 41. Rxg7 1-0

[Event "Bundesliga 1112"]
[Site "Germany"]
[Date "2011.12.11"]
[Round "7.5"]
[White "Feygin, Michael"]
[Black "Wegener, Dirk"]
[Result "1-0"]
[WhiteElo "2521"]
[BlackElo "2364"]
[PlyCount "47"]
[EventDate "2011.10.14"]
[EventType "team-tourn"]
[EventRounds "15"]
[EventCountry "GER"]
[SourceTitle "CBM 146"]
[Source "ChessBase"]
[SourceDate "2012.01.18"]
[SourceVersion "1"]
[SourceVersionDate "2012.01.18"]
[SourceQuality "1"]
[WhiteTeam "Muelheim Nord"]
[BlackTeam "Dresden"]
[WhiteTeamCountry "GER"]
[BlackTeamCountry "GER"]

1. d4 Nf6 2. Nc3 d5 3. Bg5 e6 4. e4 dxe4 5. Nxe4 Be7 6. Bxf6 gxf6 7. Nf3 f5 8. Ned2 c5 9. dxc5 Bxc5 10. Bb5+ Nd7 11. Qe2 Qc7 12. 0-0-0 a6 13. Bd3 Be7 14. Rhe1 Nc5 15. Ne5 Bf6 16. Ndf3 Kf8 17. Qe3 b5 18. g4 fxg4 19. Qf4 Qe7 20. Nc6 e5 21. Rxe5 Bxe5 22. Nfxe5 Qe6 23. Bf5 Qf6 24. Rd8+ 1-0

[Event "BL2-Ost 1011"]
[Site "Germany"]
[Date "2011.03.20"]
[Round "8.6"]
[White "Wegener, Dirk"]
[Black "Panteleev, Petar"]
[Result "1-0"]
[WhiteElo "2342"]
[BlackElo "2304"]
[PlyCount "63"]
[EventDate "2010.10.10"]
[EventType "team-tourn"]
[EventRounds "9"]
[EventCountry "GER"]
[SourceTitle "EXT 2012"]
[Source "ChessBase"]
[SourceDate "2011.11.24"]
[SourceVersion "1"]
[SourceVersionDate "2011.11.24"]
[SourceQuality "1"]
[WhiteTeam "Dresden TU"]
[BlackTeam "Muenchen Tarrasch"]
[WhiteTeamCountry "GER"]
[BlackTeamCountry "GER"]

1. e4 e5 2. Nf3 Nc6 3. Bb5 Nf6 4. 0-0 Nxe4 5. d4 Nd6 6. Bxc6 dxc6 7. dxe5 Nf5 8. Qxd8+ Kxd8 9. Nc3 Ne7 10. Ng5 Ke8 11. Bf4 h6 12. Nge4 Nd5 13. Bd2 Bf5 14. Nxd5 cxd5 15. Ng3 Bd7 16. f4 Bc5+ 17. Kh1 h5 18. f5 h4 19. Ne2 h3 20. Rf4 Bb5 21. Re1 Ke7 22. a4 Bxe2 23. Rxe2 c6 24. a5 hxg2+ 25. Rxg2 Kf8 26. Rfg4 Rh5 27. b4 Be7 28. f6 Bd8 29. Rxg7 Ke8 30. e6 fxe6 31. Rxb7 Kf8 32. f7 1-0

[Event "BL2-Ost 1011"]
[Site "Germany"]
[Date "2011.02.06"]
[Round "6.5"]
[White "Wegener, Dirk"]
[Black "Droll, Johannes"]
[Result "1-0"]
[WhiteElo "2342"]
[BlackElo "2225"]
[PlyCount "56"]
[EventDate "2010.10.10"]
[EventType "team-tourn"]
[EventRounds "9"]
[EventCountry "GER"]
[SourceTitle "EXT 2012"]
[Source "ChessBase"]
[SourceDate "2011.11.24"]
[SourceVersion "1"]
[SourceVersionDate "2011.11.24"]
[SourceQuality "1"]
[WhiteTeam "Dresden TU"]
[BlackTeam "Bindlach"]
[WhiteTeamCountry "GER"]
[BlackTeamCountry "GER"]

1. e4 c5 2. Nf3 a6 3. c4 g6 4. d4 cxd4 5. Nxd4 Bg7 6. Be3 Nf6 7. Nc3 d6 8. Be2 0-0 9. 0-0 Nbd7 10. Qd2 Ne5 11. f3 Bd7 12. Rac1 Ne8 13. Kh1 Rc8 14. b3 Rb8 15. f4 Ng4 16. Bxg4 Bxg4 17. f5 e5 18. Nc2 Bh5 19. Qf2 f6 20. Qh4 Qa5 21. b4 Qc7 22. Na3 b5 23. Nd5 Qf7 24. g4 gxf5 25. gxh5 f4 26. Bf2 Bh6 27. c5 Kh8 28. Qh3 Rc8 1-0

[Event "Bundesliga 0809"]
[Site "Germany"]
[Date "2009.02.01"]
[Round "11.6"]
[White "Teske, Henrik"]
[Black "Wegener, Dirk"]
[Result "1-0"]
[WhiteElo "2513"]
[BlackElo "2353"]
[PlyCount "53"]
[EventDate "2008.10.03"]
[EventType "team-tourn"]
[EventRounds "15"]
[EventCountry "GER"]
[SourceTitle "CBM 128 Extra"]
[Source "ChessBase"]
[SourceDate "2009.03.05"]
[SourceVersion "2"]
[SourceVersionDate "2009.03.25"]
[SourceQuality "1"]
[WhiteTeam "Tegernsee"]
[BlackTeam "Dresden"]
[WhiteTeamCountry "GER"]
[BlackTeamCountry "GER"]

1. d4 Nf6 2. Nf3 g6 3. Nc3 Bg7 4. e4 0-0 5. e5 Ne8 6. Bf4 d6 7. h3 Nd7 8. Qd2 c5 9. dxc5 dxe5 10. Nxe5 Qa5 11. Nc4 Qxc5 12. Be3 Qc7 13. Nd5 Qd8 14. Qb4 e6 15. Ne7+ Kh8 16. 0-0-0 a5 17. Qa3 Ra6 18. Ne5 Rd6 19. Rxd6 Nxd6 20. N5xg6+ hxg6 21. Qxd6 Nf6 22. Qxd8 Rxd8 23. Bb5 Bd7 24. Rd1 Nd5 25. Bxd7 Nxe3 26. fxe3 Bf6 27. Nc8 1-0

[Event "Bundesliga 0809"]
[Site "Germany"]
[Date "2008.11.29"]
[Round "5.7"]
[White "Mainka, Romuald"]
[Black "Wegener, Dirk"]
[Result "1/2-1/2"]
[WhiteElo "2482"]
[BlackElo "2353"]
[PlyCount "85"]
[EventDate "2008.10.03"]
[EventType "team-tourn"]
[EventRounds "15"]
[EventCountry "GER"]
[SourceTitle "CBM 127 Extra"]
[Source "ChessBase"]
[SourceDate "2009.01.08"]
[SourceVersion "2"]
[SourceVersionDate "2009.01.28"]
[SourceQuality "1"]
[WhiteTeam "Remagen"]
[BlackTeam "Dresden"]
[WhiteTeamCountry "GER"]
[BlackTeamCountry "GER"]

1. e4 e6 2. d3 d5 3. Qe2 Be7 4. Nf3 Nf6 5. g3 dxe4 6. dxe4 b6 7. c3 a5 8. Nbd2 Na6 9. e5 Nd7 10. Bg2 Bb7 11. 0-0 Ndc5 12. Nd4 Bxg2 13. Kxg2 Qd5+ 14. Kg1 h5 15. Qb5+ Kf8 16. Qe2 h4 17. g4 h3 18. f3 Rd8 19. Nc4 Nb8 20. Bf4 Nc6 21. Rfd1 Nxd4 22. cxd4 Na6 23. a3 Qb7 24. Rac1 g6 25. Rc3 Kg7 26. Rcd3 Rd7 27. Qf1 Rhd8 28. Bg3 Qd5 29. R3d2 b5 30. Ne3 Qb3 31. Bf2 Nc5 32. Qxh3 Bg5 33. f4 Bxf4 34. dxc5 Bxe3 35. Bxe3 Qxd1+ 36. Rxd1 Rxd1+ 37. Kf2 Rb1 38. Qh4 Rxb2+ 39. Kf3 Rd3 40. Kf4 Rbb3 41. Bc1 Rd4+ 42. Kg5 Rf3 43. Qe1 1/2-1/2